| 000 | 00477cam a22001217a 4500 | ||
|---|---|---|---|
| 008 | 180718b1980 xxu||||| |||| 00| 0 eng d | ||
| 020 | _a0 7044 0404 4 | ||
| 082 | _aY13x42 Un3 | ||
| 245 |
_aRole of the local authority in land programming and the process of private residential development _cby Centre for Urban and Regional Studies |
||
| 260 |
_aBirmingham _bCentre for Urban and Regional Studies _c1980 |
||
| 300 | _avii,37p | ||
| 700 | _aU.K.Centre for Urban and Regional Studies | ||
| 999 |
_c414910 _d414910 |
||